000 00434nam a22001817a 4500
003 OSt
005 20211019112805.0
008 211019b |||||||| |||| 00| 0 eng d
020 _a0632009527
040 _cHAWASSA UNIVERSITY
050 _a631.41/LYN
_b3
082 _a631.41/YYN
_b3
100 _aLYNCH J.M.
_914186
245 _aSOIL BIOTECHNOLOGY
260 _aLONDON
_bMELBOURNE
_c1983
300 _a191
942 _2ddc
_cBOOKS
_n0
999 _c13283
_d13283